Statystyki dla 10 Największych miast w Unie Europejskiej pod względem powierzchni

Kliknij tutaj aby rozwiązać quiz!

Ogólne statystyki

  • Ten quiz został rozwiązany 97 razy
  • Średni wynik to 7 z 10

Statystyki odpowiedzi

PowierzchniaMiasto% Poprawnych
517,24 km²Warszawa
98%
892 km²Berlin
86%
607 km²Madryt
85%
1287 km²Rzym
82%
525,16 km²Budapeszt
70%
496 km²Praga
70%
414,9 km²Wiedeń
65%
755 km²Hamburg
51%
641 km²Zagrzeb
37%
405 km²Kolonia
20%

Rozkład punktacji

Percentyl według liczby udzielonych odpowiedzi

Procent ludzi z każdym wynikiem

Twoja historia wyników

Nie rozwiązałeś tego quizu